Country Names Containing a Letter - W - Statistics

General Stats
  • This quiz has been taken 174 times
  • The average score is 9 of 12
Answer Stats
Hint Answer % Correct
1 x W Sweden
89%
1 x W Switzerland
88%
1 x W New Zealand
84%
1 x W Malawi
82%
1 x W Eswatini
77%
1 x W Zimbabwe
77%
1 x W Taiwan
76%
1 x W Rwanda
75%
1 x W Botswana
73%
1 x W Norway
72%
1 x W Kuwait
65%
1 x W Papua New Guinea
61%
No matching quizzes found
Score Distribution
Percent of People with Each Score
Percentile by Number Answered
Your Score History
You have not taken this quiz